00509nam a22001817a 450000500170000001000140001702000110003103500130004203700130005508200080006810000200007624500580009626000430015427000610019730000280025850000190028665000220030520100810112328.0 aENG-99257 c198.00 aEN-82789 bDBAD/PUB a302 aVipan, B. Kumar aA text book of social psychology /cby Vipan B. Kumar aMumbaibHimalaya Publising Housec2008 a"Ramdoot'', Dr. Bhalergo Marg, Girgaon,bMumbaie400 004 a446p.:c24cm (pbk)bill aIncludes index aSocial psychology